Statistics for Lana Del Rey - Honeymoon Lyrics

Click here to take the quiz!

General Stats

  • This quiz has been taken 32 times
  • The average score is 183 of 238

Answer Stats

Answer% Correct
honey
100%
honeymoon
96%
Our
96%
you
96%
me
92%
The
92%
the
92%
know
88%
my
88%
Say
88%
That
88%
that
88%
There
88%
to
88%
want
88%
Do
85%
do
85%
in
85%
It's
85%
it's
85%
love
85%
no
85%
not
85%
there's
85%
There's
85%
we
85%
We
85%
are
81%
blue
81%
both
81%
But
81%
but
81%
fashionable
81%
if
81%
too
81%
Boulevard
77%
'Cause
77%
choose
77%
could
77%
cruise
77%
da
77%
don't
77%
your
77%
around
73%
Dark
73%
eyes
73%
for
73%
go
73%
make
73%
nobody
73%
rules
73%
blaze
69%
blues
69%
guns
69%
of
69%
roses
69%
surrounds
69%
wanna
69%
between
65%
history
65%
I'm
65%
lose
65%
Lose
65%
Or
65%
truly
65%
violets
65%
whatever
65%
away
62%
is
62%
life
62%
man
62%
thighs
62%
car
58%
Dreaming
58%
Little
58%
scared
58%
town
58%
Born
54%
every
54%
found
54%
I've
54%
news
54%
violence
54%
Fire
50%
Mr.
50%
nothing
50%
wonder
50%
And
46%
bullet
46%
dew
46%
Even
46%
Everything
46%
now
46%
Wilshire
46%
fought
42%
nor
42%
Pico
42%
neither
38%
elusive
35%
Had
35%
used
27%
mmm
19%

Score Distribution

Percentile by Number Answered

Percent of People with Each Score

Your Score History

You have not taken this quiz